This and that - Statistics

General Stats
  • This quiz has been taken 20 times
  • The average score is 12 of 15
Answer Stats
Hint Answer % Correct
Tom and jerry
100%
Left and right
100%
north and south
100%
this and that
100%
Shoes and socks
95%
track and field
89%
peanut butter jelly
89%
jack and jill
89%
—- and moon sun
89%
Eggs and bacon
84%
bangers and mash
84%
trinidad and tobago
84%
—- and dimes nickels
68%
antigua and barbuda
63%
Soap and shampoo
11%
No matching quizzes found
Score Distribution
Percent of People with Each Score
Percentile by Number Answered
Your Score History
You have not taken this quiz